000
00219nam a2200097Ia 4500
001
656576
005
20250826154558.0
008
250824s9999 xx 000 0 und d
245
0
_a
MARTI BENİM ADIM JACK
260
_b
MARTI
999
_c
656576
_d
656576